Risultati dell'Atalanta in UEFA Champions League 2021-2022. - Statistics

Statistiche generali
  • Questo quiz è stato fatto 12 volte
  • Il punteggio medio è 4 su 6
Statistiche sulle risposte
Hint Risposta % Corretto
Atalanta - Manchester United 2-2
78%
Manchester United - Atalanta 3-2
78%
Atalanta - Young Boys 1-0
67%
Atalanta - Villarreal 2-3
67%
Young Boys - Atalanta 3-3
56%
Villarreal - Atalanta 2-2
44%
Nessun quiz corrispondente trovato
Distribuzione punteggi
Percentuale di utenti per punteggio
Percentile per numero di risposta
I tuoi punteggi nel tempo
Non hai fatto questo quiz